000 02027nam a2200337 a 4500
003 Mxchpua
005 20250805123313.0
007 ta
008 250728s2025 mx ado|fs|||| 001 0 spa d
040 _amxchpua
090 _aT.C.967
_bF56 IAI
_c2025
245 1 _aLa interrelación agricultura-industria en la región de Aguascalientes y zona media de San Luis Potosí en los sistemas-producto hortalizas, frutas y lácteos /
_ccoordinador Emmanuel Flores Girón ; colaboradores José Αntonio Abadía Calderón...[y otros]
260 _aChapingo, México :
_bEl autor,
_c2025
300 _a1 recurso en línea (374 páginas) :
_bilustraciones, tablas, gráficas, fotografías
336 _2rdacontent
_aTexto
_btxt
337 _2rdamedia
_acomputadora
_bc
338 _2rdacarrier
_arecurso en línea
_bcr
500 _aGrado: 5° año Grupo: 2 Directorio : páginas 123-128
502 _aViaje de Estudios
_b(IAI) --
_cUACh. Departamento de Ingeniería Agroindustrial,
_d2025
504 _aBibliografía : páginas 363-374
505 0 0 _aVisitas: --
_t1. Frutland S.A. de C.V.-- 2. Flor de calvillo S. de R.L. de C.V. -- 3. Ates don Naty -- 4. Guayeco -- 5. CEGALAC -- 6. Granja Morelos -- 7. Quesos Panamericanos -- 8. Granja Makelisa -- 9. Quesería El Jaral -- 10. Quesería El Charqueño -- 11. Quesería Charqueño -- 12. FIRA -- 13. Comité Estatal de Sanidad Vegetal de Aguascalientes -- 14. Comité Estatal de Sanidad Vegetal de San Luis Potosí.
650 1 3 _aIndustria de las hortalizas
_9162474
_xMéxico
650 1 3 _aIndustria lechera
_x México
_9144434
650 1 3 _aFrutos
_xIndustria y comercio
_zMéxico
_9153646
650 1 3 _aVegetable industry
_9162475
_xMexico
650 1 3 _aDairy industry
_zMexico
_9152363
650 1 3 _aFruits
_xIndustria y comercio
_zMexico
_9163048
700 1 _aFlores Girón, Emmanuel
_9161718
_ecoordinador
700 1 _aAbadía Calderón, José Antonio
_9189855
_ecolaborador
856 4 1 _yDESCARGAR REPORTE
_uhttp://10.13.5.2/ve/TC967_IAI/TC967_IAI_2025-REPORTE.pdf
999 _c220756
_d220756